| 000 | 01152cam a2200301 a 4500 | ||
|---|---|---|---|
| 001 | 12233019 | ||
| 003 | OSt | ||
| 005 | 20211028160718.0 | ||
| 008 | 001116s2001 maua bf 001 0 eng | ||
| 010 | _a 00131416 | ||
| 020 | _a0618042873 | ||
| 040 |
_aDLC _cHU _dDLC |
||
| 050 | 0 | 0 |
_aLB1025.3 _b.T437 2001 |
| 082 | 0 | 0 |
_a371.3/028 TEA2001 _221 |
| 245 | 0 | 0 |
_aTeaching strategies : _ba guide to better instruction / _cDonald C. Orlich ... [et al.]. |
| 250 | _a6th ed. | ||
| 260 |
_aBoston : _bHoughton Mifflin Co., _cc2001. |
||
| 300 |
_axviii, 388 p. : _bill. ; _c26 cm. |
||
| 504 | _aIncludes bibliographical references and index. | ||
| 650 | 0 |
_aTeaching _vHandbooks, manuals, etc. _916134 |
|
| 650 | 0 |
_aLesson planning _vHandbooks, manuals, etc. _916135 |
|
| 650 | 0 |
_aEducational tests and measurements _vHandbooks, manuals, etc. _916136 |
|
| 650 | 0 |
_aClassroom management _vHandbooks, manuals, etc. _916137 |
|
| 700 | 1 |
_aOrlich, Donald C. _916138 |
|
| 906 |
_a7 _bcbc _corigcop _d3 _encip _f20 _gy-gencatlg |
||
| 942 |
_2ddc _cBOOKS _n0 |
||
| 999 |
_c15655 _d15655 |
||